000 01419cam a2200337 a 4500
001 EDZ0000076756
003 StDuBDS
005 20161031105136.0
006 m||||||||d||||||||
007 cr |||||||||||
008 120418s1993 enk fo| 001|0|eng d
020 _a9781446222249 (ebook) :
_cNo price
040 _aStDuBDS
_beng
_cStDuBDS
_epn
049 _aAlfaisal Main Library
050 0 _aHF5549
_b.B333 1993
082 0 4 _a658.3
_223
100 1 _aBeaumont, P. B.
_q(Phil B.)
245 1 0 _aHuman resource management
_h[electronic resource]. :
_bkey concepts and skills /
_cP.B. Beaumont.
260 _aLondon :
_bSAGE,
_cc1993.
300 _a1 online resource (ix, 225 p.)
520 8 _aAims to meet the need for a substantial but accessible introduction to the practice of human resource management within the context of relevant theory and current debates. Discussion ranges from the strategic and policy aspects of HRM to the day-to-day processes of employee management.
521 _aSpecialized.
588 _aDescription based on print version record.
504 _aIncludes bibliographical references and index.
650 0 _aPersonnel management.
655 7 _aElectronic books.
_2local
710 2 _aSage eBooks
776 0 8 _iPrint version :
_z9780803988156
856 4 0 _uhttp://ezproxy.alfaisal.edu/login?url=http://sk.sagepub.com/books/human-resource-management
942 _2lcc
_cEBOOKS
999 _c480241
_d480241